Statistics for Heatwave - Julien Baker (Lyrics)

Click here to take the quiz!

General Stats

  • This quiz has been taken 5 times
  • The average score is 104 of 159

Answer Stats

Answer% Correct
be
100%
a
80%
an
80%
And
80%
around
80%
belt
80%
Can
80%
chair
80%
everything's
80%
heatwave
80%
I
80%
I'll
80%
Kick
80%
kick
80%
my
80%
neck
80%
Orion's
80%
out
80%
the
80%
The
80%
wrap
80%
you
80%
beauty
60%
Biting
60%
canyon
60%
chain
60%
compressed
60%
Covered
60%
death
60%
deep
60%
down
60%
engine
60%
engulfed
60%
exhaust
60%
face
60%
fill
60%
fire
60%
flames
60%
for
60%
free
60%
gone
60%
gonna
60%
ground
60%
gruesome
60%
had
60%
healed?
60%
in
60%
it
60%
it'd
60%
it's
60%
It's
60%
knees
60%
lame
60%
late
60%
life
60%
like
60%
long
60%
lose
60%
make
60%
me
60%
mirage
60%
not
60%
Nothing
60%
of
60%
On
60%
on
60%
page
60%
paper
60%
really
60%
scars
60%
Shell
60%
spiral
60%
Sunday
60%
than
60%
"This
60%
thought:
60%
thought
60%
To
60%
to
60%
was
60%
what
60%
work"
60%
worse
60%
your
60%
all
40%
Before
40%
Breathing
40%
Burst
40%
deal
40%
everyone
40%
gravel
40%
meet
40%
part
40%
Say
40%
Scratch
40%
shuddering
40%
that
40%
till
40%
unexplained
40%
gournd
0%

Score Distribution

Percentile by Number Answered

Percent of People with Each Score

Your Score History

You have not taken this quiz